000 00745nam a22002537a 4500
001 24459
003 UA-OsUOA
005 20240904095833.0
007 ta
008 20040218b un ||||| |||| 00| 0 ukr d
020 _a966-7631-27-3
040 _aUA-OsUOA
_bukr
_cUA-OsUOA
_dUA-OsUOA
041 _aukr
044 _aUA
080 _a336(477)
090 _a336(477)
_bН34
245 _aНаукові записки. Серія "Економіка"
_bзбірник наукових праць
_cред. І. Д. Пасічник
_nВип. 2
260 _aОстрог
_bОстрозька Академія
_c2001
300 _a132 с.
650 7 _2UDC
942 _cBK
_2udc
955 _a0
999 _c310730
_d310730